| 000 | 00359nam a22001577a 4500 | ||
|---|---|---|---|
| 020 | _a8128006576 | ||
| 082 |
_a628. _bNAN/EN |
||
| 100 |
_aNandini,N _9856 |
||
| 100 |
_aSunitha,N _9857 |
||
| 100 |
_aTandon,Sucharita _9858 |
||
| 245 | _aEnvironmental Studies | ||
| 250 | _a2 nd | ||
| 260 |
_aBangalore _bSapna Book House _c2008 |
||
| 300 | _a398 | ||
| 942 | _cBK | ||
| 999 |
_c14500 _d14500 |
||